Children in the information age : opportunities for creativity, innovation, and new activities : selected papers from the second international conference, Sofia, Bulgaria, 19-23 May 1987
Αποθηκεύτηκε σε:
| Άλλοι συγγραφείς: | , |
|---|---|
| Μορφή: | Βιβλίο |
| Γλώσσα: | English |
| Δημοσίευση: |
Oxford, England ; New York :
Pergamon Press,
1988
|
| Έκδοση: | 1st ed |
| Θέματα: | |
| Ετικέτες: |
Προσθήκη ετικέτας
Δεν υπάρχουν, Καταχωρήστε ετικέτα πρώτοι!
|
MARC
| LEADER | 00000nam a2200000 i 4500 | ||
|---|---|---|---|
| 001 | 1/83864 | ||
| 008 | 980930s1988 eng d | ||
| 020 | |a 0-08-036464-0 | ||
| 035 | |l 10034301 | ||
| 035 | |a 1990 |b 3 |c Ανθουλιάς | ||
| 040 | |a GR-MY-UA |b gre |e aacr | ||
| 041 | 0 | |a eng | |
| 082 | 0 | |a 371.39445 |2 (19) | |
| 245 | 1 | 0 | |a Children in the information age : |b opportunities for creativity, innovation, and new activities : selected papers from the second international conference, Sofia, Bulgaria, 19-23 May 1987 / |c edited by Blagovest Sendov and Ivan Stanchev |
| 250 | |a 1st ed | ||
| 260 | |a Oxford, England ; New York : |b Pergamon Press, |c 1988 | ||
| 300 | |a 231 p. | ||
| 504 | |a Includes bibliographies | ||
| 650 | 0 | 0 | |a Computer-assisted instruction |x Congresses. |
| 650 | 0 | 0 | |a Computers and children |x Congresses. |
| 700 | 1 | |a Sendov, Blagovest. |4 edt | |
| 700 | 1 | |a Stanchev, Ivan. |4 edt | |
| 852 | |a INST |b RHODES |e 19980930 |h 371.39445 CHI |p 005400008273 |q 005400008273 |t BK |y 0 | ||
| 909 | |a Ρ |b 018236 |c 1990 | ||